000 00473cam a2200193ua 4500
001 10254
008 171109n ii |||gr||||Z||||||eng
020 _a9788186860915
040 _cMAIN
041 _aeng
082 _a900
100 _aSen, Sanjay,
_eAuthor.
245 _aIntroduction to history and its sources
_cBy Sanjay Sen
250 _a1st ed.
260 _aDibrugarh:
_bNL publishers,
_c2013.
300 _a528p.
653 _aHistory & geography
942 _cBK
999 _c9250
_d9250